| 000 | 02089 a2200241 4500 | ||
|---|---|---|---|
| 003 | Nust | ||
| 005 | 20221007114821.0 | ||
| 010 | _a 99019201 | ||
| 020 | _a0849328845 (alk. paper) | ||
| 040 | _cNust | ||
| 082 | 0 | 0 | _a629.8,FUZ |
| 100 | 1 |
_aSugeno, Michio, _999467 |
|
| 245 | 1 | 0 |
_aFuzzy modeling and control : _bselected works of M. Sugeno / _cedited by Hung T. Nguyen, Nadipuram R. Prasad. |
| 260 |
_aBoca Raton : _bCRC Press, _cc1999. |
||
| 300 |
_axv, 429 p. : _bill. ; _c24 cm. |
||
| 505 | _aIntroduction (Page-1), Development of an Intelligent Unmanned Helicopter (Page-13),Multi-Dimensional Fuzzy Reasoning (Page-45), A New Approach to Design of Fuzzy Controller(Page-59),Fuzzy Control of Model Car(Page-67), Fuzzy Algorithmic Control of a Model Car by Oral Instructions(Page-77), Application of Fuzzy Reasoning to the Water Purification Process(Page-89), A Microprocessor Based Fuzzy Controller For Industrial Applications(Page-105), Fuzzy Modeling and Control of Multilayer Incinerator(Page-113), Fuzzy Identification of Systems and its Application to Modeling and Control(Page-129), Structure Identification of Fuzzy Model(Page-161), Successive Identification of Fuzzy Model and its Application to Prediction of a Complex System(Page-179), A Fuzzy-Logic-Based Approach to Qualitative Modeling (Page-199), Stability Analysis and Design of Fuzzy Control Systems(Page-251), An Interpretation of Fuzzy Measures and the Choquet Integral as an Integral with Respect to a Fuzzy Measure (Page -277), Fuzzy Measure of Fuzzy Events Defined by Fuzzy Integrals (Page-303), Fuzzy Measure Analysis of Public Attitude Towards the Use of Nuclear Energy (Page-329), Pseudo-Additive Measures and Integrals (Page-363), A Model for Human Evaluation Process Using Fuzzy Measure (Page-389), | ||
| 650 | 0 | _aTelecommunication Engineering | |
| 650 | 0 |
_aTelecommunication Engineering _999468 |
|
| 700 | 1 |
_aNguyen, Hung T., _d1944- _995446 |
|
| 700 | 1 |
_aPrasad, Nadipuram R. _999469 |
|
| 856 | 4 | 2 |
_3Publisher description _uhttp://www.loc.gov/catdir/enhancements/fy0744/99019201-d.html |
| 942 |
_cREF _2ddc |
||
| 999 |
_c178741 _d178741 |
||